Hlasy spod Krásina dolnosúčanský mesačník

Bibliographic Details
Format: Journal
Language:Slovak
PhysicalDescription:zv. ilustr. 30 cm
Vychádza tiež v elektronickej podobe
Published: Dolná Súča Obecný úrad Základná škola Dolná Súča 1996-
Dolná Súča Obecný úrad
ISSN:1338-8983
Subjects:

MARC

LEADER 00000cas a2200000 a 4500
001 vtls008831792
003 SK-MaSNL
005 20260228161103.0
008 060718c19969999xo x|p 0 b0slo
022 |a 1338-8983 
040 |a SNK  |b slo  |c SNK  |e AACR2 
041 0 |a slo 
043 |a e-xo--- 
044 |a xo  |c SK 
072 7 |a 352/354  |x Stupne miestnej, oblastnej a ústrednej správy  |2 konspekt 
072 7 |a 316.7  |x Sociológia kultúry. Kultúrny život  |2 konspekt 
072 7 |a 394  |x Verejný a spoločenský život. Každodenný život  |2 konspekt 
080 |a 353.9  |2 2011 
080 |a 316.728  |2 2011 
080 |a 394  |2 2011 
080 |a 437.641  |2 2011 
080 |a (051)+(054)  |2 2011 
080 |a 050  |2 2011 
210 0 |a Hlasy Krasína 
222 0 |a Hlasy spod Krásina 
245 0 0 |a Hlasy spod Krásina  |b dolnosúčanský mesačník 
246 2 2 |a Hlasy spod Krásina  |b dolnosúčanský občasník  |f 2007- 
260 |a Dolná Súča  |b Obecný úrad  |b Základná škola Dolná Súča  |c 1996- 
260 3 |3 2011-  |a Dolná Súča  |b Obecný úrad 
300 |a zv.  |b ilustr.  |c 30 cm 
310 |a Občasník  |b 1997- 
321 |a 1x mesačne  |b 1996 
362 0 |a Roč. 4, č. 0 (14.3.1996)- 
500 |a Zmena podnázvu: od č. 9/1997: dolnosúčanský občasník 
500 |a Reg. číslo: 07/456-96 RK ; EV 3332/09 
500 |a Čas. nadviazal pravdepodobne na Hlasy spod Krasína z roku 1958 
530 |a Vychádza tiež v elektronickej podobe 
650 0 7 |a územná samospráva  |2 SNKPH  |9 802 
650 0 7 |a každodenný život  |2 SNKPH  |9 4946 
651 7 |a Dolná Súča (Slovensko)  |2 SNKPHgeo  |9 115202 
655 7 |a miestne periodiká  |2 SNKPH  |9 160938 
710 2 |a Dolná Súča (Slovensko).  |b Obecný úrad  |4 pbl  |9 87645 
910 |a snk 
916 |a 1996-2015 
999 |c 4265  |d 6195 
952 |0 0  |1 0  |4 0  |7 0  |8 0  |a SNK  |b SNK  |d 2021-06-16  |i snk2021/7084  |l 0  |o snkČSB 2960/24/2016  |p 17A1434475  |r 2026-02-21 19:58:42  |t č. 1-3  |w 2026-02-21  |y PREZ 
952 |0 0  |1 0  |4 0  |7 0  |8 0  |a SNK  |b SNK  |d 2021-06-16  |i snk2021/7085  |l 0  |o snkČSB 2960/25/2017  |p 17A1434474  |r 2026-02-21 19:58:43  |t č. 1-2  |w 2026-02-21  |y PREZ 
952 |0 0  |1 0  |4 0  |7 0  |8 0  |a SNK  |b SNK  |d 2021-06-16  |i snk2021/7086  |l 0  |o snkČSB 2960/26/2018  |p 17A1434473  |r 2026-02-21 19:58:43  |t č. 1-2  |w 2026-02-21  |y PREZ 
952 |0 0  |1 0  |4 0  |7 0  |8 0  |a SNK  |b SNK  |d 2021-06-16  |i snk2021/7087  |l 0  |o snkČSB 2960/27/2019  |p 17A1434472  |r 2026-02-21 19:58:43  |t č. 1-2  |w 2026-02-21  |y PREZ 
952 |0 0  |1 0  |4 0  |7 0  |8 0  |a SNK  |b SNK  |d 2021-06-16  |i snk2021/7088  |l 0  |o snkČSB 2960/28/2020  |p 17A1434471  |r 2026-02-21 19:58:43  |t č. 1-2  |w 2026-02-21  |y PREZ 
952 |0 0  |1 0  |4 0  |7 0  |8 0  |a SNK  |b SNK  |d 2016-01-15  |f 1  |i snk2016/897  |l 0  |o snkČSB 2960/4/1996  |p 17A0477011  |r 2026-02-21 21:53:39  |t č. 0-8  |w 2026-02-21  |y PREZ 
952 |0 0  |1 0  |4 0  |7 0  |8 0  |a SNK  |b SNK  |d 2016-01-15  |i snk2016/898  |l 0  |o snkČSB 2960/4/1996 D1  |p 17A0477012  |r 2026-02-21 21:53:39  |t č. 0-8  |w 2026-02-21  |y PREZ 
952 |0 0  |1 0  |4 0  |7 0  |8 0  |a SNK  |b SNK  |d 2016-01-15  |f 1  |i snk2016/900  |l 0  |o snkČSB 2960/5/1997  |p 17A0477013  |r 2026-02-21 21:53:39  |t č. 9-13, neúplné  |w 2026-02-21  |y PREZ  |z Chýba č. 10 
952 |0 0  |1 0  |4 0  |7 0  |8 0  |a SNK  |b SNK  |d 2016-01-15  |i snk2016/902  |l 0  |o snkČSB 2960/5/1997 D1  |p 17A0477014  |r 2026-02-21 21:53:39  |t č. 9-13  |w 2026-02-21  |y PREZ 
952 |0 0  |1 0  |4 0  |7 0  |8 0  |a SNK  |b SNK  |d 2016-01-15  |f 1  |i snk2016/908  |l 0  |o snkČSB 2960/6/1998  |p 17A0477015  |r 2026-02-21 21:53:39  |t č. 1-4  |w 2026-02-21  |y PREZ 
952 |0 0  |1 0  |4 0  |7 0  |8 0  |a SNK  |b SNK  |d 2016-01-15  |i snk2016/909  |l 0  |o snkČSB 2960/6/1998 D1  |p 17A0477016  |r 2026-02-21 21:53:39  |t č. 1-4  |w 2026-02-21  |y PREZ 
952 |0 0  |1 0  |4 0  |7 0  |8 0  |a SNK  |b SNK  |d 2016-01-15  |f 1  |i snk2016/912  |l 0  |o snkČSB 2960/7/1999  |p 17A0477017  |r 2026-02-21 21:53:39  |t č. 1-4  |w 2026-02-21  |y PREZ 
952 |0 0  |1 0  |4 0  |7 0  |8 0  |a SNK  |b SNK  |d 2016-01-15  |i snk2016/926  |l 0  |o snkČSB 2960/7/1999 D1  |p 17A0477018  |r 2026-02-21 21:53:39  |t č. 1-4  |w 2026-02-21  |y PREZ 
952 |0 0  |1 0  |4 0  |7 0  |8 0  |a SNK  |b SNK  |d 2016-01-15  |f 1  |i snk2016/928  |l 0  |o snkČSB 2960/8/2000  |p 17A0477019  |r 2026-02-21 21:53:39  |t č. 1-2  |w 2026-02-21  |y PREZ 
952 |0 0  |1 0  |4 0  |7 0  |8 0  |a SNK  |b SNK  |d 2016-01-15  |i snk2016/930  |l 0  |o snkČSB 2960/8/2000 D1  |p 17A0477020  |r 2026-02-21 21:53:39  |t č. 1-2  |w 2026-02-21  |y PREZ 
952 |0 0  |1 0  |4 0  |7 0  |8 0  |a SNK  |b SNK  |d 2016-01-15  |f 1  |i snk2016/932  |l 0  |o snkČSB 2960/9/2001  |p 17A0477021  |r 2026-02-21 21:53:39  |t č. 1  |w 2026-02-21  |y PREZ 
952 |0 0  |1 0  |4 0  |7 0  |8 0  |a SNK  |b SNK  |d 2016-01-15  |i snk2016/937  |l 0  |o snkČSB 2960/9/2001 D1  |p 17A0477022  |r 2026-02-21 21:53:40  |t č. 1  |w 2026-02-21  |y PREZ 
952 |0 0  |1 0  |4 0  |7 0  |8 0  |a SNK  |b SNK  |d 2016-01-15  |f 1  |i snk2016/940  |l 0  |o snkČSB 2960/10/2002  |p 17A0477023  |r 2026-02-21 21:53:40  |t č. 1-2  |w 2026-02-21  |y PREZ 
952 |0 0  |1 0  |4 0  |7 0  |8 0  |a SNK  |b SNK  |d 2016-01-15  |i snk2016/941  |l 0  |o snkČSB 2960/10/2002 D1  |p 17A0477024  |r 2026-02-21 21:53:40  |t č. 1-2  |w 2026-02-21  |y PREZ 
952 |0 0  |1 0  |4 0  |7 0  |8 0  |a SNK  |b SNK  |d 2016-01-15  |f 1  |i snk2016/945  |l 0  |o snkČSB 2960/11/2003  |p 17A0477025  |r 2026-02-21 21:53:40  |t č. 1-4  |w 2026-02-21  |y PREZ 
952 |0 0  |1 0  |4 0  |7 0  |8 0  |a SNK  |b SNK  |d 2016-01-15  |i snk2016/948  |l 0  |o snkČSB 2960/11/2003 D1  |p 17A0477026  |r 2026-02-21 21:53:40  |t č. 1-4  |w 2026-02-21  |y PREZ 
952 |0 0  |1 0  |4 0  |7 0  |8 0  |a SNK  |b SNK  |d 2016-01-15  |f 1  |i snk2016/950  |l 0  |o snkČSB 2960/12/2004  |p 17A1097964  |r 2026-02-21 21:53:40  |t č. 1-3  |w 2026-02-21  |y PREZ 
952 |0 0  |1 0  |4 0  |7 0  |8 0  |a SNK  |b SNK  |d 2016-01-15  |f 1  |i snk2016/969  |l 0  |o snkČSB 2960/13/2005  |p 17A1097965  |r 2026-02-21 21:53:40  |t č. 1-3  |w 2026-02-21  |y PREZ 
952 |0 0  |1 0  |4 0  |7 0  |8 0  |a SNK  |b SNK  |d 2016-01-15  |f 1  |i snk2016/970  |l 0  |o snkČSB 2960/14/2006  |p 17A1097966  |r 2026-02-21 21:53:40  |t č. 1-3  |w 2026-02-21  |y PREZ 
952 |0 0  |1 0  |4 0  |7 0  |8 0  |a SNK  |b SNK  |d 2016-01-15  |f 1  |i snk2016/972  |l 0  |o snkČSB 2960/15/2007  |p 17A1097967  |r 2026-02-21 21:53:40  |t č. 1-3  |w 2026-02-21  |y PREZ 
952 |0 0  |1 0  |4 0  |7 0  |8 0  |a SNK  |b SNK  |d 2016-01-15  |f 1  |i snk2016/973  |l 0  |o snkČSB 2960/16/2008  |p 17A1097968  |r 2026-02-21 21:53:40  |t č. 1-3  |w 2026-02-21  |y PREZ 
952 |0 0  |1 0  |4 0  |7 0  |8 0  |a SNK  |b SNK  |d 2016-01-15  |f 1  |i snk2016/983  |l 0  |o snkČSB 2960/17/2009  |p 17A1097969  |r 2026-02-21 21:53:40  |t č. 1-3  |w 2026-02-21  |y PREZ 
952 |0 0  |1 0  |4 0  |7 0  |8 0  |a SNK  |b SNK  |d 2016-01-15  |f 1  |i snk2016/985  |l 0  |o snkČSB 2960/18/2010  |p 17A1097970  |r 2026-02-21 21:53:40  |t č. 1-2  |w 2026-02-21  |y PREZ 
952 |0 0  |1 0  |4 0  |7 0  |8 0  |a SNK  |b SNK  |d 2016-01-15  |f 1  |i snk2016/986  |l 0  |o snkČSB 2960/19/2011  |p 17A1097971  |r 2026-02-21 21:53:40  |t č. 1-3  |w 2026-02-21  |y PREZ 
952 |0 0  |1 0  |4 0  |7 0  |8 0  |a SNK  |b SNK  |d 2016-01-15  |f 1  |i snk2016/988  |l 0  |o snkČSB 2960/20/2012  |p 17A1097972  |r 2026-02-21 21:53:40  |t č. 1-3  |w 2026-02-21  |y PREZ 
952 |0 0  |1 0  |4 0  |7 0  |8 0  |a SNK  |b SNK  |d 2016-01-15  |f 1  |i snk2016/989  |l 0  |o snkČSB 2960/21/2013  |p 17A1097973  |r 2026-02-21 21:53:40  |t č. 1-3  |w 2026-02-21  |y PREZ 
952 |0 0  |1 0  |4 0  |7 0  |8 0  |a SNK  |b SNK  |d 2016-01-15  |f 1  |i snk2016/991  |l 0  |o snkČSB 2960/22/2014  |p 17A1097974  |r 2026-02-21 21:53:40  |t č. 1-3  |w 2026-02-21  |y PREZ 
952 |0 0  |1 0  |4 0  |7 0  |8 0  |a SNK  |b SNK  |d 2016-01-15  |f 1  |i snk2016/993  |l 0  |o snkČSB 2960/23/2015  |p 17A1097975  |r 2026-02-21 21:53:41  |t č. 1-3  |w 2026-02-21  |y PREZ